2021-22 Premier League Final Table - Statistics

General Stats
  • This quiz has been taken 76 times
  • The average score is 16 of 20
Answer Stats
Position Team Won Drew Lost GF/GA GD Points % Correct
3 Chelsea 21 11 6 76/33 43 74
100%
2 Liverpool 28 8 2 94/26 68 92
100%
1 Manchester City 29 6 3 99/26 73 93
100%
4 Tottenham Hotspur 22 5 11 69/40 29 71
98%
6 Manchester United 16 10 12 57/57 0 58
95%
5 Arsenal 22 3 13 61/48 13 69
93%
7 West Ham United 16 8 14 60/51 9 56
85%
9 Brighton & Hove Albion 12 15 11 42/44 -2 51
82%
8 Leicester City 14 10 14 62/59 3 52
76%
18 Burnley 7 14 17 34/53 -19 35
73%
16 Everton 11 6 21 43/66 -23 39
73%
11 Newcastle United 13 10 15 44/62 -18 49
73%
20 Norwich City 5 7 26 23/84 -61 22
71%
10 Wolverhampton Wanderers 15 6 17 38/43 -5 51
71%
12 Crystal Palace 11 15 12 50/46 4 48
67%
17 Leeds United 9 11 18 42/79 -37 38
67%
19 Watford 6 5 27 34/77 -43 23
67%
14 Aston Villa 13 6 19 52/54 -2 45
65%
13 Brentford 13 7 18 48/56 -8 46
65%
15 Southampton 9 13 16 43/67 -24 40
64%
No matching quizzes found
Score Distribution
Percent of People with Each Score
Percentile by Number Answered
Your Score History
You have not taken this quiz